Environmental and bioresources of Vietnam : Present situation and solutions
This book consists of the following many parts such as biological resources of Vietnam, environmental pollution in Vietnam, policy on environmental protection in Vietnam
Gardado en:
| Formato: | Libro |
|---|---|
| Idioma: | Undetermined |
| Publicado: |
Ha Noi
The gioi
1998
|
| Những chủ đề: | |
| Các nhãn: |
Engadir etiqueta
Sen Etiquetas, Sexa o primeiro en etiquetar este rexistro!
|
| Thư viện lưu trữ: | Trung tâm Học liệu Trường Đại học Cần Thơ |
|---|
| LEADER | 00694nam a2200193Ia 4500 | ||
|---|---|---|---|
| 001 | CTU_141644 | ||
| 008 | 210402s9999 xx 000 0 und d | ||
| 082 | |a 363.6 | ||
| 082 | |b E61 | ||
| 245 | 0 | |a Environmental and bioresources of Vietnam : | |
| 245 | 0 | |b Present situation and solutions | |
| 245 | 0 | |c Le Quy An edited | |
| 260 | |a Ha Noi | ||
| 260 | |b The gioi | ||
| 260 | |c 1998 | ||
| 520 | |a This book consists of the following many parts such as biological resources of Vietnam, environmental pollution in Vietnam, policy on environmental protection in Vietnam | ||
| 650 | |a Environmental protection | ||
| 904 | |i Bạch Trúc | ||
| 980 | |a Trung tâm Học liệu Trường Đại học Cần Thơ | ||